Skip to main content
Your cart is empty.
Your lists
Log in to create your own lists
Your cookies
العربية
English
العربية
Home
Search
Advanced search
Authority search
About
The noble scholar, jurist, historian
His Excellency Dr. Abdul Wahhab bin Ibrahim Abu Sulaiman, may Allah have mercy on him.
He was born in Umm Al-Qura in the year 1356 AH.
Library catalog
Title
Author
Subject
ISBN
ISSN
Series
Call number
Log in to your account
×
Login:
Password:
Home
MARC view: الدليل الإرشادي إلى مقاصد الشريعة الإسلامية :
Normal view
MARC view
ISBD view
الدليل الإرشادي إلى مقاصد الشريعة الإسلامية : (Record no. 2455)
[
view plain
]
MARC details
000 -LEADER
fixed length control field
01173cam a2200289 ia4500
003 - CONTROL NUMBER IDENTIFIER
control field
SA-RiAUC
005 - DATE AND TIME OF LATEST TRANSACTION
control field
20241118080748.0
008 - FIXED-LENGTH DATA ELEMENTS--GENERAL INFORMATION
fixed length control field
241118s2007 xxk g 000 0 ara c
020 ## - INTERNATIONAL STANDARD BOOK NUMBER
Canceled/invalid ISBN
1905650064
020 ## - INTERNATIONAL STANDARD BOOK NUMBER
International Standard Book Number
4069056501
040 ## - CATALOGING SOURCE
Original cataloging agency
SA-RiIMS
Language of cataloging
ara
Transcribing agency
SA-RiAUC
Description conventions
rda
050 #4 - LIBRARY OF CONGRESS CALL NUMBER
Item number
.I43 2007
082 04 - DEWEY DECIMAL CLASSIFICATION NUMBER
Classification number
250.8
Assigning agency
SA-RiAUC
090 ## - LOCALLY ASSIGNED LC-TYPE CALL NUMBER (OCLC); LOCAL CALL NUMBER (RLIN)
Classification number (OCLC) (R) ; Classification number, CALL (RLIN) (NR)
250.8
Local cutter number (OCLC) ; Book number/undivided call number, CALL (RLIN)
ا م ا
100 1# - MAIN ENTRY--PERSONAL NAME
Personal name
إمام، محمد كمال الدين،
Dates associated with a name
1946-2020
Relator term
مؤلف.
245 12 - TITLE STATEMENT
Title
الدليل الإرشادي إلى مقاصد الشريعة الإسلامية :
Remainder of title
كتب، رسائل، أبحاث /
Statement of responsibility, etc.
محمد كمال الدين أمام.
250 ## - EDITION STATEMENT
Edition statement
الطبعة الأولى.
264 #1 - PRODUCTION, PUBLICATION, DISTRIBUTION, MANUFACTURE, AND COPYRIGHT NOTICE
Place of production, publication, distribution, manufacture
لندن :
Name of producer, publisher, distributor, manufacturer
مؤسسة الفرقان للتراث الإسلامي، مركز دراسات مقاصد الشريعة الإسلامية،
Date of production, publication, distribution, manufacture, or copyright notice
2007
300 ## - PHYSICAL DESCRIPTION
Extent
5 مجلد ؛
Dimensions
24 سم
336 ## - CONTENT TYPE
Content type term
نص
Content type code
txt
Source
rdacontent
Materials specified
كتاب
337 ## - MEDIA TYPE
Media type term
بدون وسيط
Media type code
n
Source
rdamedia
338 ## - CARRIER TYPE
Carrier type term
مجلد
Carrier type code
nc
Source
rdacarrier
650 #7 - SUBJECT ADDED ENTRY--TOPICAL TERM
Topical term or geographic name entry element
الشريعة الإسلامية
Source of heading or term
aucsh
650 #7 - SUBJECT ADDED ENTRY--TOPICAL TERM
Topical term or geographic name entry element
مقاصد الشريعة
Source of heading or term
aucsh
942 ## - ADDED ENTRY ELEMENTS (KOHA)
Source of classification or shelving scheme
Dewey Decimal Classification
Koha item type
Books
949 ## - LOCAL PROCESSING INFORMATION (OCLC)
a
SA-JeALM
d
241118
u
khaled123
n
1
Holdings
Withdrawn status
Lost status
Source of classification or shelving scheme
Damaged status
Not for loan
Home library
Current library
Date acquired
Total checkouts
Full call number
Barcode
Date last seen
Price effective from
Koha item type
Materials specified (bound volume or other part)
Dewey Decimal Classification
DR AbdElwahab Library
DR AbdElwahab Library
11/18/2024
250.8 ا م ا
000003839
11/18/2024
11/18/2024
Books
Dewey Decimal Classification
DR AbdElwahab Library
DR AbdElwahab Library
11/18/2024
250.8 ا م ا
000003840
11/18/2024
11/18/2024
Books
Dewey Decimal Classification
DR AbdElwahab Library
DR AbdElwahab Library
11/18/2024
250.8 ا م ا
000003841
11/18/2024
11/18/2024
Books
المجلد الثاني
Dewey Decimal Classification
DR AbdElwahab Library
DR AbdElwahab Library
11/18/2024
250.8 ا م ا
000003842
11/18/2024
11/18/2024
Books
المجلد الثاني
Dewey Decimal Classification
DR AbdElwahab Library
DR AbdElwahab Library
11/18/2024
250.8 ا م ا
000003843
11/18/2024
11/18/2024
Books
المجلد الثاني
Place hold
Print
Add to your cart
(remove)
Save record
BIBTEX
Dublin Core
MARCXML
MARC (non-Unicode/MARC-8)
MARC (Unicode/UTF-8)
MARC (Unicode/UTF-8, Standard)
MODS (XML)
RIS
ISBD
More searches
Search for this title in:
Other Libraries (WorldCat)
Other Databases (Google Scholar)
Online Stores (Bookfinder.com)
Open Library (openlibrary.org)
Exporting to Dublin Core...
×
Simple DC-RDF
OAI-DC
SRW-DC